[Event "DEM U12w 2023"]
[Site "Willingen GER"]
[Date "2023.06.01"]
[Round "7"]
[White "Komar, Valerie"]
[Black "Mader, Theresa"]
[Result "0-1"]
[Termination "normal"]
[Board "11"]
[WhiteElo "1379"]
[BlackElo "1229"]
[WhiteClock "00:18:54"]
[BlackClock "00:20:11"]
[PlyCount "70"]
[WhiteFideId "34139664"]
[BlackFideId "34605657"]
[EventCountry "GER"]
[EventRounds "9"]
[EventType "swiss"]
[EventDate "2023.05.27"]

1. e4 {[%clk 01:30:57]} {[%emt 00:00:03]} c6 {[%clk 01:30:54]} {[%emt
00:00:07]} 2. d4 {[%clk 01:31:22]} {[%emt 00:00:04]} d5 {[%clk 01:31:17]}
{[%emt 00:00:08]} 3. exd5 {[%clk 01:31:48]} {[%emt 00:00:04]} cxd5 {[%clk
01:31:39]} {[%emt 00:00:08]} 4. Bd3 {[%clk 01:32:14]} {[%emt 00:00:03]} Nc6
{[%clk 01:31:58]} {[%emt 00:00:11]} 5. c3 {[%clk 01:32:36]} {[%emt 00:00:08]}
Nf6 {[%clk 01:32:18]} {[%emt 00:00:11]} 6. Bf4 {[%clk 01:33:01]} {[%emt
00:00:05]} g6 {[%clk 01:32:35]} {[%emt 00:00:13]} 7. h3 {[%clk 01:33:22]}
{[%emt 00:00:09]} Bf5 {[%clk 01:32:23]} {[%emt 00:00:42]} 8. Bxf5 {[%clk
01:33:32]} {[%emt 00:00:20]} gxf5 {[%clk 01:32:39]} {[%emt 00:00:13]} 9. Nf3
{[%clk 01:32:53]} {[%emt 00:01:10]} h5 {[%clk 01:30:59]} {[%emt 00:02:10]} 10.
Nbd2 {[%clk 01:24:42]} {[%emt 00:08:40]} e6 {[%clk 01:29:59]} {[%emt 00:01:30]}
11. Ne5 {[%clk 01:23:47]} {[%emt 00:01:21]} Bd6 {[%clk 01:27:34]} {[%emt
00:02:59]} 12. Ndf3 {[%clk 01:23:41]} {[%emt 00:00:36]} Qc7 {[%clk 01:26:58]}
{[%emt 00:01:06]} 13. Qe2 {[%clk 01:22:39]} {[%emt 00:01:32]} Ne4 {[%clk
01:24:11]} {[%emt 00:03:17]} 14. Bh2 {[%clk 01:13:02]} {[%emt 00:10:06]} Rg8
{[%clk 01:16:27]} {[%emt 00:08:16]} 15. Nh4 {[%clk 01:08:29]} {[%emt 00:04:57]}
Nxe5 {[%clk 01:09:14]} {[%emt 00:07:48]} 16. dxe5 {[%clk 01:03:22]} {[%emt
00:05:37]} Bxe5 {[%clk 01:08:17]} {[%emt 00:01:09]} 17. Bxe5 {[%clk 00:50:56]}
{[%emt 00:13:15]} Qxe5 {[%clk 01:06:52]} {[%emt 00:01:54]} 18. O-O {[%clk
00:44:12]} {[%emt 00:07:13]} Qg7 {[%clk 00:59:05]} {[%emt 00:08:19]} 19. Qb5+
{[%clk 00:43:36]} {[%emt 00:01:04]} Ke7 {[%clk 00:57:47]} {[%emt 00:01:49]} 20.
Qxb7+ {[%clk 00:35:35]} {[%emt 00:08:31]} Kf6 {[%clk 00:54:16]} {[%emt
00:04:02]} 21. Kh2 {[%clk 00:27:30]} {[%emt 00:08:32]} Qg5 {[%clk 00:49:49]}
{[%emt 00:04:58]} 22. g3 {[%clk 00:27:09]} {[%emt 00:00:52]} Nxg3 {[%clk
00:48:22]} {[%emt 00:01:57]} 23. Rg1 {[%clk 00:27:07]} {[%emt 00:00:30]} Qxh4
{[%clk 00:46:58]} {[%emt 00:01:56]} 24. fxg3 {[%clk 00:27:30]} {[%emt
00:00:07]} Qc4 {[%clk 00:45:26]} {[%emt 00:02:01]} 25. a3 {[%clk 00:22:30]}
{[%emt 00:05:31]} Rgb8 {[%clk 00:42:09]} {[%emt 00:03:47]} 26. Qd7 {[%clk
00:21:23]} {[%emt 00:01:37]} Rxb2+ {[%clk 00:41:20]} {[%emt 00:01:20]} 27. Rg2
{[%clk 00:21:44]} {[%emt 00:00:05]} Qxc3 {[%clk 00:40:38]} {[%emt 00:01:15]}
28. Rf1 {[%clk 00:20:45]} {[%emt 00:01:27]} Rg8 {[%clk 00:36:36]} {[%emt
00:04:32]} 29. g4 {[%clk 00:18:39]} {[%emt 00:02:38]} Rxg2+ {[%clk 00:33:36]}
{[%emt 00:03:30]} 30. Kxg2 {[%clk 00:19:04]} {[%emt 00:00:06]} hxg4 {[%clk
00:33:22]} {[%emt 00:00:43]} 31. Qxa7 {[%clk 00:18:09]} {[%emt 00:01:24]} gxh3+
{[%clk 00:32:45]} {[%emt 00:01:08]} 32. Kh1 {[%clk 00:18:18]} {[%emt 00:00:20]}
h2 {[%clk 00:27:24]} {[%emt 00:05:53]} 33. a4 {[%clk 00:18:26]} {[%emt
00:00:21]} Qd3 {[%clk 00:24:54]} {[%emt 00:02:59]} 34. Qf2 {[%clk 00:18:28]}
{[%emt 00:00:26]} Qe4+ {[%clk 00:23:08]} {[%emt 00:02:19]} 35. Qf3 {[%clk
00:18:54]} {[%emt 00:00:05]} Rg1+ {[%clk 00:20:11]} {[%emt 00:03:27]} 0-1

[Event "DEM U12w 2023"]
[Site "Willingen GER"]
[Date "2023.06.01"]
[Round "7"]
[White "Averkova, Mariia"]
[Black "Malagatte, Samiksha"]
[Result "0-1"]
[Termination "normal"]
[Board "12"]
[WhiteElo "1367"]
[BlackElo "1214"]
[WhiteClock "00:27:15"]
[BlackClock "00:36:17"]
[PlyCount "94"]
[WhiteFideId "34651470"]
[BlackFideId "34633790"]
[EventCountry "GER"]
[EventRounds "9"]
[EventType "swiss"]
[EventDate "2023.05.27"]

1. e4 {[%clk 01:30:57]} {[%emt 00:00:02]} e5 {[%clk 01:30:48]} {[%emt
00:00:13]} 2. Nf3 {[%clk 01:31:22]} {[%emt 00:00:05]} Nc6 {[%clk 01:31:11]}
{[%emt 00:00:07]} 3. d4 {[%clk 01:31:43]} {[%emt 00:00:09]} exd4 {[%clk
01:31:33]} {[%emt 00:00:08]} 4. Bc4 {[%clk 01:32:03]} {[%emt 00:00:09]} Nf6
{[%clk 01:31:53]} {[%emt 00:00:10]} 5. O-O {[%clk 01:32:19]} {[%emt 00:00:14]}
Nxe4 {[%clk 01:25:15]} {[%emt 00:07:09]} 6. Re1 {[%clk 01:32:01]} {[%emt
00:00:48]} d5 {[%clk 01:25:32]} {[%emt 00:00:13]} 7. Bxd5 {[%clk 01:32:01]}
{[%emt 00:00:29]} Qxd5 {[%clk 01:25:34]} {[%emt 00:00:28]} 8. Nc3 {[%clk
01:32:12]} {[%emt 00:00:19]} Qd8 {[%clk 01:23:10]} {[%emt 00:02:55]} 9. Nxe4
{[%clk 01:30:59]} {[%emt 00:01:43]} Be7 {[%clk 01:22:26]} {[%emt 00:01:14]} 10.
Bf4 {[%clk 01:28:26]} {[%emt 00:03:02]} O-O {[%clk 01:19:50]} {[%emt 00:03:07]}
11. Ned2 {[%clk 01:25:20]} {[%emt 00:03:36]} Na5 {[%clk 01:12:33]} {[%emt
00:07:45]} 12. Nb3 {[%clk 01:22:30]} {[%emt 00:03:22]} Nxb3 {[%clk 01:12:04]}
{[%emt 00:00:59]} 13. axb3 {[%clk 01:22:13]} {[%emt 00:00:46]} c5 {[%clk
01:10:24]} {[%emt 00:02:11]} 14. Qd3 {[%clk 01:19:13]} {[%emt 00:03:29]} Be6
{[%clk 01:08:38]} {[%emt 00:02:15]} 15. b4 {[%clk 01:10:02]} {[%emt 00:09:43]}
Qb6 {[%clk 00:58:11]} {[%emt 00:10:56]} 16. bxc5 {[%clk 01:04:37]} {[%emt
00:05:56]} Bxc5 {[%clk 00:58:12]} {[%emt 00:00:29]} 17. b3 {[%clk 01:03:24]}
{[%emt 00:01:42]} h6 {[%clk 00:57:07]} {[%emt 00:01:35]} 18. Rad1 {[%clk
01:00:34]} {[%emt 00:03:20]} Rad8 {[%clk 00:54:28]} {[%emt 00:03:10]} 19. Be5
{[%clk 00:58:25]} {[%emt 00:02:37]} Rd7 {[%clk 00:49:23]} {[%emt 00:05:37]} 20.
Nd2 {[%clk 00:47:09]} {[%emt 00:11:46]} f5 {[%clk 00:47:08]} {[%emt 00:02:46]}
21. Nc4 {[%clk 00:40:46]} {[%emt 00:06:52]} Qb4 {[%clk 00:40:18]} {[%emt
00:07:20]} 22. Bf4 {[%clk 00:33:25]} {[%emt 00:07:50]} Bxc4 {[%clk 00:32:51]}
{[%emt 00:07:57]} 23. Qxc4+ {[%clk 00:33:10]} {[%emt 00:00:45]} Qxc4 {[%clk
00:33:07]} {[%emt 00:00:14]} 24. bxc4 {[%clk 00:33:34]} {[%emt 00:00:06]} Rfd8
{[%clk 00:32:50]} {[%emt 00:00:48]} 25. h3 {[%clk 00:26:49]} {[%emt 00:07:14]}
g5 {[%clk 00:29:51]} {[%emt 00:03:29]} 26. Bc1 {[%clk 00:22:38]} {[%emt
00:04:41]} d3 {[%clk 00:27:08]} {[%emt 00:03:13]} 27. cxd3 {[%clk 00:17:44]}
{[%emt 00:05:24]} Rxd3 {[%clk 00:27:18]} {[%emt 00:00:20]} 28. Rxd3 {[%clk
00:17:55]} {[%emt 00:00:20]} Rxd3 {[%clk 00:27:38]} {[%emt 00:00:09]} 29. Bb2
{[%clk 00:13:20]} {[%emt 00:05:05]} Rd2 {[%clk 00:25:22]} {[%emt 00:02:46]} 30.
Rb1 {[%clk 00:12:46]} {[%emt 00:01:04]} Rxf2 {[%clk 00:25:12]} {[%emt
00:00:40]} 31. Kh2 {[%clk 00:12:11]} {[%emt 00:01:05]} Rc2 {[%clk 00:24:01]}
{[%emt 00:01:42]} 32. Be5 {[%clk 00:11:01]} {[%emt 00:01:39]} b6 {[%clk
00:20:27]} {[%emt 00:04:05]} 33. Bb8 {[%clk 00:07:02]} {[%emt 00:04:29]} a5
{[%clk 00:18:35]} {[%emt 00:02:22]} 34. Ba7 {[%clk 00:06:36]} {[%emt 00:00:55]}
Rxc4 {[%clk 00:18:01]} {[%emt 00:01:05]} 35. Bxb6 {[%clk 00:05:57]} {[%emt
00:01:09]} Rb4 {[%clk 00:16:07]} {[%emt 00:02:24]} 36. Rxb4 {[%clk 00:05:47]}
{[%emt 00:00:39]} Bxb4 {[%clk 00:16:21]} {[%emt 00:00:16]} 37. Bd4 {[%clk
00:04:40]} {[%emt 00:01:36]} Kf7 {[%clk 00:16:26]} {[%emt 00:00:26]} 38. Kg3
{[%clk 00:04:57]} {[%emt 00:00:13]} h5 {[%clk 00:13:42]} {[%emt 00:03:15]} 39.
Kf3 {[%clk 00:03:38]} {[%emt 00:01:48]} Ke6 {[%clk 00:12:49]} {[%emt 00:01:23]}
40. Ke3 {[%clk 00:02:50]} {[%emt 00:01:18]} Kd5 {[%clk 00:11:56]} {[%emt
00:01:23]} 41. Kd3 {[%clk 00:02:33]} {[%emt 00:00:47]} Bc5 {[%clk 00:09:00]}
{[%emt 00:03:25]} 42. Bc3 {[%clk 00:01:13]} {[%emt 00:01:50]} a4 {[%clk
00:08:16]} {[%emt 00:01:15]} 43. Bb2 {[%clk 00:00:40]} {[%emt 00:01:04]} a3
{[%clk 00:08:30]} {[%emt 00:00:16]} 44. Bc3 {[%clk 00:29:43]} {[%emt 00:01:26]}
a2 {[%clk 00:36:58]} {[%emt 00:02:02]} 45. Bh8 {[%clk 00:28:17]} {[%emt
00:01:56]} f4 {[%clk 00:36:28]} {[%emt 00:01:00]} 46. Bg7 {[%clk 00:27:46]}
{[%emt 00:01:00]} g4 {[%clk 00:36:04]} {[%emt 00:00:56]} 47. h4 {[%clk
00:27:15]} {[%emt 00:01:00]} f3 {[%clk 00:36:17]} {[%emt 00:00:18]} 0-1

[Event "DEM U12w 2023"]
[Site "Willingen GER"]
[Date "2023.06.01"]
[Round "7"]
[White "Börner, Emma Charlotte"]
[Black "Fruth, Julia"]
[Result "0-1"]
[Termination "normal"]
[Board "13"]
[WhiteElo "990"]
[BlackElo "1187"]
[WhiteClock "00:38:28"]
[BlackClock "00:26:06"]
[PlyCount "86"]
[WhiteFideId "34637907"]
[BlackFideId "34603050"]
[EventCountry "GER"]
[EventRounds "9"]
[EventType "swiss"]
[EventDate "2023.05.27"]

1. e4 {[%clk 01:30:57]} {[%emt 00:00:02]} c5 {[%clk 01:30:58]} {[%emt
00:00:04]} 2. Nf3 {[%clk 01:31:18]} {[%emt 00:00:09]} d6 {[%clk 01:31:15]}
{[%emt 00:00:13]} 3. Bb5+ {[%clk 01:31:26]} {[%emt 00:00:21]} Nd7 {[%clk
01:31:30]} {[%emt 00:00:14]} 4. O-O {[%clk 01:31:31]} {[%emt 00:00:26]} a6
{[%clk 01:31:38]} {[%emt 00:00:23]} 5. Bc4 {[%clk 01:30:54]} {[%emt 00:01:06]}
Ngf6 {[%clk 01:31:17]} {[%emt 00:00:51]} 6. a4 {[%clk 01:29:35]} {[%emt
00:01:49]} Nxe4 {[%clk 01:30:21]} {[%emt 00:01:25]} 7. Re1 {[%clk 01:29:18]}
{[%emt 00:00:48]} Nef6 {[%clk 01:29:36]} {[%emt 00:01:14]} 8. Ng5 {[%clk
01:29:06]} {[%emt 00:00:44]} d5 {[%clk 01:27:04]} {[%emt 00:03:00]} 9. Ba2
{[%clk 01:24:07]} {[%emt 00:05:30]} h6 {[%clk 01:25:22]} {[%emt 00:02:10]} 10.
Nf3 {[%clk 01:23:31]} {[%emt 00:01:07]} e6 {[%clk 01:24:46]} {[%emt 00:01:06]}
11. c4 {[%clk 01:22:39]} {[%emt 00:01:24]} Be7 {[%clk 01:20:07]} {[%emt
00:05:04]} 12. cxd5 {[%clk 01:22:04]} {[%emt 00:01:09]} exd5 {[%clk 01:19:26]}
{[%emt 00:01:11]} 13. d3 {[%clk 01:19:31]} {[%emt 00:03:04]} O-O {[%clk
01:17:29]} {[%emt 00:02:26]} 14. b3 {[%clk 01:17:18]} {[%emt 00:02:44]} b6
{[%clk 01:12:13]} {[%emt 00:05:43]} 15. d4 {[%clk 01:12:53]} {[%emt 00:04:58]}
Ne4 {[%clk 01:08:48]} {[%emt 00:03:50]} 16. Nfd2 {[%clk 01:09:50]} {[%emt
00:03:37]} Bb7 {[%clk 01:01:55]} {[%emt 00:07:23]} 17. Nxe4 {[%clk 01:08:45]}
{[%emt 00:01:36]} dxe4 {[%clk 00:58:13]} {[%emt 00:04:11]} 18. d5 {[%clk
01:08:46]} {[%emt 00:00:31]} Bf6 {[%clk 00:56:31]} {[%emt 00:02:10]} 19. Qg4
{[%clk 01:01:46]} {[%emt 00:07:30]} Kh8 {[%clk 00:51:53]} {[%emt 00:05:08]} 20.
Nd2 {[%clk 00:55:23]} {[%emt 00:06:55]} Bxa1 {[%clk 00:50:22]} {[%emt
00:01:59]} 21. Nxe4 {[%clk 00:51:50]} {[%emt 00:01:44]} Nf6 {[%clk 00:48:26]}
{[%emt 00:04:44]} 22. Nxf6 {[%clk 00:51:39]} {[%emt 00:00:42]} Bxf6 {[%clk
00:47:23]} {[%emt 00:01:34]} 23. Bb1 {[%clk 00:49:01]} {[%emt 00:03:09]} Re8
{[%clk 00:40:39]} {[%emt 00:07:09]} 24. Rf1 {[%clk 00:47:28]} {[%emt 00:02:07]}
Qxd5 {[%clk 00:38:08]} {[%emt 00:02:59]} 25. Bc2 {[%clk 00:46:30]} {[%emt
00:01:29]} Bg5 {[%clk 00:36:07]} {[%emt 00:02:27]} 26. Bxg5 {[%clk 00:46:07]}
{[%emt 00:00:57]} Qxg5 {[%clk 00:36:22]} {[%emt 00:00:16]} 27. Qh3 {[%clk
00:45:47]} {[%emt 00:00:50]} Re7 {[%clk 00:33:29]} {[%emt 00:03:22]} 28. f4
{[%clk 00:43:58]} {[%emt 00:02:20]} Qd5 {[%clk 00:32:25]} {[%emt 00:01:31]} 29.
Kh1 {[%clk 00:38:35]} {[%emt 00:05:55]} Re2 {[%clk 00:30:07]} {[%emt 00:02:46]}
30. Rg1 {[%clk 00:36:58]} {[%emt 00:02:09]} Rxc2 {[%clk 00:30:12]} {[%emt
00:00:26]} 31. Qg4 {[%clk 00:36:10]} {[%emt 00:01:14]} Qxg2+ {[%clk 00:26:51]}
{[%emt 00:03:54]} 32. Qxg2 {[%clk 00:35:59]} {[%emt 00:00:42]} Bxg2+ {[%clk
00:27:04]} {[%emt 00:00:17]} 33. Rxg2 {[%clk 00:36:23]} {[%emt 00:00:05]} Rxg2
{[%clk 00:27:19]} {[%emt 00:00:16]} 34. Kxg2 {[%clk 00:36:48]} {[%emt
00:00:05]} b5 {[%clk 00:27:19]} {[%emt 00:00:29]} 35. axb5 {[%clk 00:37:05]}
{[%emt 00:00:14]} axb5 {[%clk 00:27:33]} {[%emt 00:00:16]} 36. Kf2 {[%clk
00:37:28]} {[%emt 00:00:07]} Ra3 {[%clk 00:27:16]} {[%emt 00:00:47]} 37. Kg3
{[%clk 00:37:43]} {[%emt 00:00:14]} Rxb3+ {[%clk 00:27:31]} {[%emt 00:00:15]}
38. Kg4 {[%clk 00:38:06]} {[%emt 00:00:08]} c4 {[%clk 00:27:08]} {[%emt
00:00:53]} 39. h4 {[%clk 00:38:21]} {[%emt 00:00:14]} c3 {[%clk 00:26:37]}
{[%emt 00:01:01]} 40. Kf5 {[%clk 00:37:43]} {[%emt 00:01:07]} c2 {[%clk
00:26:25]} {[%emt 00:00:41]} 41. h5 {[%clk 00:37:59]} {[%emt 00:00:16]} c1=Q
{[%clk 00:26:31]} {[%emt 00:00:21]} 42. Ke5 {[%clk 00:38:12]} {[%emt 00:00:19]}
Qc5+ {[%clk 00:26:04]} {[%emt 00:00:57]} 43. Ke4 {[%clk 00:38:28]} {[%emt
00:00:14]} Re3# {[%clk 00:26:06]} {[%emt 00:00:26]} 0-1

[Event "DEM U12w 2023"]
[Site "Willingen GER"]
[Date "2023.06.01"]
[Round "7"]
[White "Tu, Audrey"]
[Black "Margaryan, Mane"]
[Result "1/2-1/2"]
[Termination "normal"]
[Board "14"]
[WhiteElo "1313"]
[BlackElo "1403"]
[WhiteClock "00:03:38"]
[BlackClock "00:19:08"]
[PlyCount "56"]
[WhiteFideId "34628568"]
[BlackFideId "16268237"]
[EventCountry "GER"]
[EventRounds "9"]
[EventType "swiss"]
[EventDate "2023.05.27"]

1. e4 {[%clk 01:30:59]} {[%emt 00:00:01]} c5 {[%clk 01:30:56]} {[%emt
00:00:04]} 2. Nc3 {[%clk 01:31:25]} {[%emt 00:00:04]} e6 {[%clk 01:31:15]}
{[%emt 00:00:11]} 3. Nge2 {[%clk 01:31:47]} {[%emt 00:00:08]} a6 {[%emt
00:03:07]} 4. d4 {[%clk 01:29:44]} cxd4 {[%clk 01:30:59]} {[%emt 00:00:42]} 5.
Nxd4 {[%clk 01:29:49]} {[%emt 00:00:25]} Qc7 {[%clk 01:30:40]} {[%emt
00:00:46]} 6. g3 {[%clk 01:20:19]} {[%emt 00:10:03]} Bb4 {[%clk 01:28:38]}
{[%emt 00:02:31]} 7. Bd2 {[%clk 01:19:32]} {[%emt 00:01:18]} Nf6 {[%clk
01:27:51]} {[%emt 00:01:17]} 8. Bg2 {[%clk 01:17:52]} {[%emt 00:02:09]} O-O
{[%clk 01:26:46]} {[%emt 00:01:35]} 9. O-O {[%clk 01:17:09]} {[%emt 00:01:13]}
Nc6 {[%clk 01:21:05]} {[%emt 00:06:12]} 10. Nb3 {[%clk 01:09:18]} {[%emt
00:08:21]} Rd8 {[%clk 01:17:49]} {[%emt 00:03:46]} 11. a3 {[%clk 01:03:50]}
{[%emt 00:05:58]} Be7 {[%clk 01:16:58]} {[%emt 00:01:21]} 12. Be3 {[%clk
00:48:13]} {[%emt 00:16:07]} b5 {[%clk 01:12:32]} {[%emt 00:04:56]} 13. Qe2
{[%clk 00:42:56]} {[%emt 00:05:47]} Bb7 {[%clk 01:10:10]} {[%emt 00:02:52]} 14.
Rfd1 {[%clk 00:38:40]} {[%emt 00:04:45]} Rac8 {[%clk 01:01:46]} {[%emt
00:08:54]} 15. Rac1 {[%clk 00:36:47]} {[%emt 00:02:23]} b4 {[%clk 00:58:34]}
{[%emt 00:03:43]} 16. axb4 {[%clk 00:36:33]} {[%emt 00:00:44]} Bxb4 {[%clk
00:54:52]} {[%emt 00:04:11]} 17. Na4 {[%clk 00:35:08]} {[%emt 00:01:56]} Qb8
{[%clk 00:47:49]} {[%emt 00:07:33]} 18. c3 {[%clk 00:31:06]} {[%emt 00:04:33]}
Be7 {[%clk 00:43:48]} {[%emt 00:04:30]} 19. Nb6 {[%clk 00:27:02]} {[%emt
00:04:34]} Rc7 {[%clk 00:43:30]} {[%emt 00:00:49]} 20. f4 {[%clk 00:22:22]}
{[%emt 00:05:10]} Na7 {[%clk 00:34:12]} {[%emt 00:09:48]} 21. e5 {[%clk
00:10:56]} {[%emt 00:11:56]} Ne8 {[%clk 00:26:06]} {[%emt 00:08:36]} 22. Bxb7
{[%clk 00:08:28]} {[%emt 00:02:58]} Qxb7 {[%clk 00:26:10]} {[%emt 00:00:27]}
23. Na5 {[%clk 00:07:48]} {[%emt 00:01:09]} Qb8 {[%clk 00:25:15]} {[%emt
00:01:23]} 24. Qxa6 {[%clk 00:07:31]} {[%emt 00:00:49]} d6 {[%clk 00:20:11]}
{[%emt 00:05:34]} 25. exd6 {[%clk 00:06:33]} {[%emt 00:01:28]} Rxd6 {[%clk
00:19:38]} {[%emt 00:01:02]} 26. Rxd6 {[%clk 00:06:10]} {[%emt 00:00:53]} Bxd6
{[%clk 00:19:06]} {[%emt 00:01:03]} 27. Nbc4 {[%clk 00:05:10]} {[%emt
00:01:30]} Bc5 {[%clk 00:18:48]} {[%emt 00:00:49]} 28. Bxc5 {[%clk 00:03:38]}
{[%emt 00:02:02]} Rxc5 {[%clk 00:19:08]} {[%emt 00:00:10]} 1/2-1/2

[Event "DEM U12w 2023"]
[Site "Willingen GER"]
[Date "2023.06.01"]
[Round "7"]
[White "Ali, Maha"]
[Black "Fettan, Nua"]
[Result "1/2-1/2"]
[Termination "normal"]
[Board "15"]
[WhiteElo "1403"]
[BlackElo "1234"]
[WhiteClock "00:30:15"]
[BlackClock "00:43:35"]
[PlyCount "105"]
[WhiteFideId "34626581"]
[BlackFideId "34637362"]
[EventCountry "GER"]
[EventRounds "9"]
[EventType "swiss"]
[EventDate "2023.05.27"]

1. d4 {[%clk 01:30:58]} {[%emt 00:00:01]} d5 {[%clk 01:30:55]} {[%emt
00:00:05]} 2. c4 {[%clk 01:31:23]} {[%emt 00:00:05]} e6 {[%clk 01:31:23]}
{[%emt 00:00:03]} 3. Nc3 {[%clk 01:31:37]} {[%emt 00:00:15]} c6 {[%clk
01:31:41]} {[%emt 00:00:11]} 4. e3 {[%clk 01:31:52]} {[%emt 00:00:16]} Nf6
{[%clk 01:31:56]} {[%emt 00:00:15]} 5. Nf3 {[%clk 01:32:05]} {[%emt 00:00:17]}
Bd6 {[%clk 01:32:10]} {[%emt 00:00:16]} 6. Be2 {[%clk 01:31:58]} {[%emt
00:00:37]} O-O {[%clk 01:32:24]} {[%emt 00:00:17]} 7. b3 {[%clk 01:31:33]}
{[%emt 00:00:55]} Nbd7 {[%clk 01:32:40]} {[%emt 00:00:13]} 8. O-O {[%clk
01:31:15]} {[%emt 00:00:48]} Re8 {[%clk 01:32:49]} {[%emt 00:00:21]} 9. Bb2
{[%clk 01:30:37]} {[%emt 00:01:08]} e5 {[%clk 01:32:05]} {[%emt 00:01:14]} 10.
dxe5 {[%clk 01:29:31]} {[%emt 00:01:36]} Nxe5 {[%emt 00:00:21]} 11. cxd5 {[%emt
00:00:50]} Nxf3+ {[%clk 01:27:47]} {[%emt 00:03:37]} 12. Bxf3 {[%clk 01:29:18]}
{[%emt 00:00:42]} cxd5 {[%clk 01:26:12]} {[%emt 00:02:05]} 13. Nxd5 {[%clk
01:26:03]} {[%emt 00:03:45]} Be5 {[%clk 01:24:40]} {[%emt 00:02:03]} 14. Bxe5
{[%clk 01:22:43]} {[%emt 00:03:50]} Rxe5 {[%clk 01:23:38]} {[%emt 00:01:33]}
15. Nf4 {[%clk 01:19:52]} {[%emt 00:03:20]} Qb6 {[%clk 01:20:17]} {[%emt
00:03:51]} 16. Qd4 {[%clk 01:13:11]} {[%emt 00:07:11]} Qxd4 {[%clk 01:19:16]}
{[%emt 00:01:31]} 17. exd4 {[%clk 01:13:30]} {[%emt 00:00:12]} Rb5 {[%clk
01:18:50]} {[%emt 00:00:57]} 18. Rfe1 {[%clk 01:11:07]} {[%emt 00:02:52]} Bf5
{[%clk 01:16:41]} {[%emt 00:02:39]} 19. Re5 {[%clk 01:08:04]} {[%emt 00:03:33]}
Rxe5 {[%clk 01:14:00]} {[%emt 00:03:11]} 20. dxe5 {[%clk 01:08:21]} {[%emt
00:00:12]} Nd7 {[%clk 01:11:49]} {[%emt 00:02:42]} 21. Re1 {[%clk 01:05:32]}
{[%emt 00:03:18]} Rc8 {[%clk 01:10:01]} {[%emt 00:02:14]} 22. g4 {[%emt
00:08:47]} Rc3 {[%clk 01:04:49]} 23. gxf5 {[%clk 00:57:12]} {[%emt 00:06:20]}
Rxf3 {[%clk 01:03:47]} {[%emt 00:01:31]} 24. e6 {[%clk 00:55:44]} {[%emt
00:01:58]} fxe6 {[%clk 01:03:04]} {[%emt 00:01:13]} 25. fxe6 {[%clk 00:54:29]}
{[%emt 00:01:45]} Nf6 {[%clk 01:00:19]} {[%emt 00:03:15]} 26. Ne2 {[%clk
00:52:13]} {[%emt 00:02:47]} Kf8 {[%clk 00:56:33]} {[%emt 00:04:16]} 27. Kg2
{[%clk 00:50:27]} {[%emt 00:02:16]} Rd3 {[%clk 00:54:50]} {[%emt 00:02:12]} 28.
Nf4 {[%clk 00:48:12]} {[%emt 00:02:45]} Rd6 {[%clk 00:53:26]} {[%emt 00:01:54]}
29. Kg3 {[%clk 00:45:17]} {[%emt 00:03:24]} Ke7 {[%clk 00:52:40]} {[%emt
00:01:04]} 30. Rc1 {[%clk 00:41:41]} {[%emt 00:04:19]} Rc6 {[%clk 00:49:37]}
{[%emt 00:03:33]} 31. Rxc6 {[%clk 00:40:18]} {[%emt 00:01:53]} bxc6 {[%clk
00:50:01]} {[%emt 00:00:07]} 32. h4 {[%clk 00:39:38]} {[%emt 00:01:10]} g6
{[%clk 00:47:21]} {[%emt 00:03:10]} 33. f3 {[%clk 00:38:04]} {[%emt 00:02:04]}
Nd5 {[%clk 00:47:07]} {[%emt 00:00:42]} 34. Kg4 {[%clk 00:36:31]} {[%emt
00:02:04]} Nxf4 {[%clk 00:47:02]} {[%emt 00:00:35]} 35. Kxf4 {[%clk 00:36:49]}
{[%emt 00:00:12]} Kxe6 {[%clk 00:47:28]} {[%emt 00:00:05]} 36. Kg5 {[%clk
00:36:39]} {[%emt 00:00:39]} Kf7 {[%clk 00:47:31]} {[%emt 00:00:28]} 37. Kh6
{[%clk 00:36:06]} {[%emt 00:01:02]} Kg8 {[%clk 00:47:36]} {[%emt 00:00:25]} 38.
h5 {[%clk 00:36:03]} {[%emt 00:00:33]} gxh5 {[%clk 00:47:42]} {[%emt 00:00:24]}
39. Kxh5 {[%clk 00:36:22]} {[%emt 00:00:11]} Kg7 {[%clk 00:48:03]} {[%emt
00:00:10]} 40. f4 {[%clk 00:34:31]} {[%emt 00:02:20]} c5 {[%clk 00:46:55]}
{[%emt 00:01:38]} 41. f5 {[%clk 00:33:17]} {[%emt 00:01:44]} Kf6 {[%clk
00:47:00]} {[%emt 00:00:26]} 42. Kh6 {[%emt 00:03:15]} Kxf5 {[%clk 00:47:20]}
43. Kxh7 {[%clk 00:31:06]} {[%emt 00:00:04]} Ke5 {[%clk 00:45:48]} {[%emt
00:02:03]} 44. Kg6 {[%clk 00:31:14]} {[%emt 00:00:22]} a5 {[%clk 00:45:22]}
{[%emt 00:00:56]} 45. Kf7 {[%clk 00:29:26]} {[%emt 00:02:17]} Kd5 {[%clk
00:43:41]} {[%emt 00:02:11]} 46. Kf6 {[%clk 00:29:04]} {[%emt 00:00:52]} c4
{[%clk 00:43:54]} {[%emt 00:00:18]} 47. bxc4+ {[%clk 00:29:14]} {[%emt
00:00:19]} Kxc4 {[%clk 00:44:20]} {[%emt 00:00:04]} 48. Ke5 {[%clk 00:29:36]}
{[%emt 00:00:08]} a4 {[%clk 00:44:21]} {[%emt 00:00:29]} 49. a3 {[%clk
00:28:42]} {[%emt 00:01:24]} Kb3 {[%clk 00:44:18]} {[%emt 00:00:33]} 50. Kd4
{[%clk 00:29:03]} {[%emt 00:00:08]} Kxa3 {[%clk 00:44:08]} {[%emt 00:00:40]}
51. Kc3 {[%clk 00:29:26]} {[%emt 00:00:07]} Ka2 {[%clk 00:44:33]} {[%emt
00:00:06]} 52. Kc2 {[%clk 00:29:52]} {[%emt 00:00:04]} a3 {[%clk 00:43:35]}
{[%emt 00:01:28]} 53. Kc1 {[%clk 00:30:15]} {[%emt 00:00:07]} 1/2-1/2